Normal view MARC view
  • Richard L. Burdan

Entry Personal Name

Number of records used in: 1

001 - CONTROL NUMBER

  • control field: 127301

003 - CONTROL NUMBER IDENTIFIER

  • control field: NUST

005 - DATE AND TIME OF LATEST TRANSACTION

  • control field: 20250101093734.0

008 - FIXED-LENGTH DATA ELEMENTS

  • fixed length control field: 250101|| aca||aabn | a|a d

040 ## - CATALOGING SOURCE

  • Original cataloging agency: NUST
  • Transcribing agency: NUST

100 ## - HEADING--PERSONAL NAME

  • Personal name: Richard L. Burdan

670 ## - SOURCE DATA FOUND

  • Source citation: Work cat.: (NUST): Richard L. Burdan, Numerical analysis, 1985.
© 2023 Central Library, National University of Sciences and Technology. All Rights Reserved.